Hymns from the Rigveda : (Record no. 19563)
[ view plain ]
| 000 -LEADER | |
|---|---|
| fixed length control field | 00813cam a22002651 4500 |
| 001 - CONTROL NUMBER | |
| control field | 3591890 |
| 003 - CONTROL NUMBER IDENTIFIER | |
| control field | BDDh-ASL |
| 005 - DATE AND TIME OF LATEST TRANSACTION | |
| control field | 20231015025804.0 |
| 008 - FIXED-LENGTH DATA ELEMENTS--GENERAL INFORMATION | |
| fixed length control field | 710901s1966 ii 000 0 eng |
| 010 ## - LIBRARY OF CONGRESS CONTROL NUMBER | |
| LC control number | sa 68000720 |
| 025 ## - OVERSEAS ACQUISITION NUMBER | |
| Overseas acquisition number | PL480:I-E-7648 |
| 040 ## - CATALOGING SOURCE | |
| Original cataloging agency | DLC |
| Transcribing agency | DLC |
| Modifying agency | BDDh-ASL |
| 041 1# - LANGUAGE CODE | |
| Language code of text/sound track or separate title | engsan |
| 050 00 - LIBRARY OF CONGRESS CALL NUMBER | |
| Classification number | PK3016.A2 |
| Item number | E5 1966 |
| 082 ## - DEWEY DECIMAL CLASSIFICATION NUMBER | |
| Classification number | 294.4 |
| Item number | MAH |
| 130 0# - MAIN ENTRY--UNIFORM TITLE | |
| Uniform title | Vedas. |
| Name of part/section of a work | RĖĨgveda. |
| Form subheading | Selections. |
| Language of a work | English. |
| 245 10 - TITLE STATEMENT | |
| Title | Hymns from the Rigveda : |
| Statement of responsibility, etc. | Selected and metrically translated by A. A. Macdonell. |
| 260 ## - PUBLICATION, DISTRIBUTION, ETC. | |
| Place of publication, distribution, etc. | New Delhi : |
| Name of publisher, distributor, etc. | Y.M.C.A. Pub. House, |
| Date of publication, distribution, etc. | 1966. |
| 300 ## - PHYSICAL DESCRIPTION | |
| Extent | ii, 98 p. : |
| Dimensions | 19 cm. |
| 350 ## - PRICE (NR) (BK AM CF MU VM SE) [OBSOLETE] | |
| Price | Rs4 |
| 490 0# - SERIES STATEMENT | |
| Series statement | The Heritage of India series |
| 700 1# - ADDED ENTRY--PERSONAL NAME | |
| Personal name | Macdonell, Arthur Anthony, |
| Dates associated with a name | 1854-1930, |
| Relator term | tr. |
| 906 ## - LOCAL DATA ELEMENT F, LDF (RLIN) | |
| a | 7 |
| b | cbc |
| c | orignew |
| d | u |
| e | ncip |
| f | 19 |
| g | y-gencatlg |
| 942 ## - ADDED ENTRY ELEMENTS (KOHA) | |
| Source of classification or shelving scheme | Dewey Decimal Classification |
| Koha item type | Books |
| Withdrawn status | Lost status | Source of classification or shelving scheme | Damaged status | Not for loan | Collection code | Home library | Current library | Shelving location | Date acquired | Source of acquisition | Total Checkouts | Full call number | Barcode | Date last seen | Copy number | Price effective from | Koha item type | Public note |
|---|---|---|---|---|---|---|---|---|---|---|---|---|---|---|---|---|---|---|
| Dewey Decimal Classification | Not For Loan | Non-fiction | Asiatic Society Library | Asiatic Society Library | Ludden Collection | 12/13/2020 | Donated by Prof. David Ludden | 294.4 MAH | 102910 | 12/13/2020 | C-1 | 12/13/2020 | Books | RARE |